Normal view
MARC view
- Brelvi, Ikram
Entry Personal Name
001 - CONTROL NUMBER
- control field: 24527
003 - CONTROL NUMBER IDENTIFIER
- control field: NUST
005 - DATE AND TIME OF LATEST TRANSACTION
- control field: 20191022133122.0
008 - FIXED-LENGTH DATA ELEMENTS
- fixed length control field: 191022|| aca||aabn | a|a d
040 ## - CATALOGING SOURCE
- Original cataloging agency: NUST
- Transcribing agency: NUST
100 ## - HEADING--PERSONAL NAME
- Personal name: Brelvi, Ikram
670 ## - SOURCE DATA FOUND
- Source citation: Work cat.: (NUST): Brelvi, Ikram, Reflections Essays on Urdu Literature /, 2000.
